• 首页
  • 本馆介绍
  • 公告通知
  • 最新文献
  • 馆藏检索
  • 电子资源
  • 读者导购
  • 参考咨询
  • 我的图书馆
  • 登录
  • 详细信息显示
  • 放入我的书架
  • 预约/预借图书
  • 作者相关作品
  • 分类相关作品
  • 丛书相关作品
  • 出版社相关作品

书目信息

  • 表格格式
  • 工作单格式
  • 卡片格式
题名:
节义千龄
    
 
作者: 树〓 著
分册:  
出版信息: 上海   上海文艺出版社  1981
页数: 176页
开本: 19cm
丛书名:
单 册:
中图分类: I247.57 , I242.4
科图分类:
主题词: 中篇小说--中国--现代
电子资源:
ISBN:
000 00602nam0 2200241 45
001 1572738265
005 20150120201246.32
010    @dCNY0.58
091    @aCN@b10078.3303
100    @a19950603d1981 em y0chiy0121 ea
101 0  @achi
102    @aCN@b310000
105    @ay z 000ay
200 10 @a节义千龄@Ajie yi qian ling@f树〓著
210    @a上海@c上海文艺出版社@d1981
215    @a176页@d19cm
606    @a中篇小说@y中国@z现代
690    @aI247.57@v3
690    @aI242.4@v4
701  0 @a树〓@Ashu〓@4著
801  0 @aCN@bTSSF@c20150120
801  2 @aCN@bNLC
905    @aZUCC@dI242.4@eJY15
    
    节义千龄/树〓著.-上海:上海文艺出版社,1981
    176页;19cm
    
    
    ISBN :CNY0.58
    
●
相关链接 在E读中查询图书 在五车中查询图书 在当当中查询图书 在豆瓣中查询图书


正题名:节义千龄     索取号:I242.4/JY15         预约/预借

序号 登录号 条形码 馆藏地/架位号 状态 备注
1 7836058   278360587   学院路分馆/ [索取号:I242.4/JY15] 在馆    
2 7836059   278360596   学院路分馆/ [索取号:I242.4/JY15] 在馆    
唐山师范学院图书馆 欢迎您!
大连网信软件有限公司© 版权所有